[Event "Muensterland Verbandsklasse 1819"]
[Site "Germany"]
[Date "2018.10.06"]
[Round "2.5"]
[White "Kluczka, Konrad"]
[Black "Junk, Andreas"]
[Result "1/2-1/2"]
[WhiteElo "1776"]
[BlackElo "1748"]
[PlyCount "63"]
[EventDate "2018.09.15"]
[EventType "team-tourn"]
[EventRounds "9"]
[EventCountry "GER"]
[SourceTitle "EXT 2020"]
[Source "ChessBase"]
[SourceDate "2019.10.17"]
[SourceVersion "1"]
[SourceVersionDate "2019.10.17"]
[SourceQuality "1"]
[WhiteTeam "Nienberge II"]
[BlackTeam "Hiltrup"]
[WhiteTeamCountry "GER"]
[BlackTeamCountry "GER"]

1. e4 c5 2. c3 d5 3. exd5 Qxd5 4. d4 Nc6 5. Nf3 e6 6. Be2 Nf6 7. Na3 a6 8. 0-0 Be7 9. Nc4 Qd8 10. dxc5 Qxd1 11. Rxd1 Bxc5 12. b4 Ba7 13. Be3 Nd5 14. Rac1 Nxe3 15. Nxe3 Ke7 16. Nc4 f6 17. a4 Rd8 18. b5 axb5 19. axb5 Rxd1+ 20. Rxd1 Nd8 21. Kf1 Bc5 22. Nfd2 e5 23. Nb3 Ne6 24. Bf3 Ra2 25. Nxc5 Nxc5 26. Nb6 Be6 27. Nd5+ Kf7 28. Nb4 Ra5 29. Be2 Ra3 30. c4 Rb3 31. Nd5 Ra3 32. Nc7 1/2-1/2

[Event "Muensterland Verbandsliga 1718"]
[Site "Germany"]
[Date "2018.05.05"]
[Round "9.6"]
[White "Gerighausen, Karl Heinz"]
[Black "Kluczka, Konrad"]
[Result "1/2-1/2"]
[WhiteElo "1675"]
[BlackElo "1787"]
[PlyCount "57"]
[EventDate "2017.09.09"]
[EventType "team-tourn"]
[EventRounds "9"]
[EventCountry "GER"]
[SourceTitle "EXT 2019"]
[Source "ChessBase"]
[SourceDate "2018.10.10"]
[SourceVersion "1"]
[SourceVersionDate "2018.10.10"]
[SourceQuality "1"]
[WhiteTeam "Emsdetten Rochade II"]
[BlackTeam "Nienberge II"]
[WhiteTeamCountry "GER"]
[BlackTeamCountry "GER"]

1. d4 d5 2. Nf3 Nf6 3. Bf4 e6 4. e3 Bd6 5. Bg3 Nbd7 6. Nbd2 Qe7 7. Ne5 Nf8 8. Bd3 Bxe5 9. Bxe5 Ng6 10. Bg3 0-0 11. 0-0 Rd8 12. Qe2 c5 13. c3 c4 14. Bc2 b5 15. e4 dxe4 16. Nxe4 Nxe4 17. Bxe4 Bb7 18. b4 a5 19. Rab1 a4 20. Bxg6 hxg6 21. Rfe1 Qd7 22. Qg4 Qc6 23. f3 Rd5 24. Re2 Rad8 25. a3 Rf5 26. Rbe1 Rdd5 27. Re5 Qd7 28. Rxd5 Bxd5 29. Re5 1/2-1/2

[Event "Muensterland Verbandsliga 1718"]
[Site "Germany"]
[Date "2017.12.09"]
[Round "4.5"]
[White "Pinno, Gregor"]
[Black "Kluczka, Konrad"]
[Result "1-0"]
[WhiteElo "1776"]
[BlackElo "1787"]
[PlyCount "73"]
[EventDate "2017.09.09"]
[EventType "team-tourn"]
[EventRounds "9"]
[EventCountry "GER"]
[SourceTitle "EXT 2019"]
[Source "ChessBase"]
[SourceDate "2018.10.10"]
[SourceVersion "1"]
[SourceVersionDate "2018.10.10"]
[SourceQuality "1"]
[WhiteTeam "Olfen"]
[BlackTeam "Nienberge II"]
[WhiteTeamCountry "GER"]
[BlackTeamCountry "GER"]

1. Nf3 d5 2. g3 Nf6 3. Bg2 e6 4. 0-0 c5 5. d3 Bd6 6. Nbd2 Nc6 7. Re1 Qc7 8. e4 dxe4 9. dxe4 Be7 10. a3 0-0 11. e5 Nd7 12. Qe2 Rb8 13. Nf1 Rd8 14. h4 Nd4 15. Nxd4 cxd4 16. Bf4 Nc5 17. Red1 b6 18. Rac1 Ba6 19. Qg4 Bb7 20. Bxb7 Rxb7 21. Nd2 Kh8 22. h5 Qc6 23. h6 gxh6 24. Bxh6 Rg8 25. Qxd4 Rg6 26. Bf4 Rd7 27. Qc3 Qb5 28. b4 Na4 29. Qc4 Qxc4 30. Nxc4 Rc7 31. Nd6 Nc3 32. Rd2 Nd5 33. Kf1 Kg7 34. Ne8+ Kf8 35. Nxc7 Nxc7 36. c4 b5 37. Rd7 1-0

[Event "Muensterland Verbandsklasse 1415"]
[Site "Germany"]
[Date "2014.11.15"]
[Round "3.5"]
[White "Kluczka, Konrad"]
[Black "Jonas, Robert"]
[Result "1-0"]
[WhiteElo "1785"]
[BlackElo "1684"]
[PlyCount "110"]
[EventDate "2014.09.13"]
[EventType "team-tourn"]
[EventRounds "9"]
[EventCountry "GER"]
[SourceTitle "EXT 2016"]
[Source "ChessBase"]
[SourceDate "2015.10.08"]
[SourceVersion "1"]
[SourceVersionDate "2015.10.08"]
[SourceQuality "1"]
[WhiteTeam "Nienberge II"]
[BlackTeam "Ibbenbueren"]
[WhiteTeamCountry "GER"]
[BlackTeamCountry "GER"]

1. e4 e5 2. Nf3 Nc6 3. Bc4 Nf6 4. d4 exd4 5. 0-0 d6 6. Nxd4 Ne5 7. Bb3 Be7 8. Nc3 0-0 9. f4 Nc6 10. Qd3 Nxd4 11. Qxd4 c6 12. Qd3 a5 13. h3 b5 14. a4 b4 15. Ne2 Ba6 16. Bc4 Bxc4 17. Qxc4 d5 18. exd5 cxd5 19. Qd3 Bc5+ 20. Be3 Bxe3+ 21. Qxe3 Re8 22. Qd3 Qb6+ 23. Qd4 Qc6 24. Qd3 Rac8 25. Nd4 Qb6 26. Kh2 Rc4 27. Rad1 g6 28. f5 g5 29. b3 Rc3 30. Qb5 Qd6+ 31. Kg1 Rc5 32. Qd3 Rc3 33. Qb5 Rxh3 34. gxh3 Qg3+ 35. Kh1 Qxh3+ 36. Kg1 Qg3+ 37. Kh1 Re4 38. Nf3 Qh3+ 39. Nh2 Ng4 40. Qb8+ Kg7 41. Rf3 Qh4 42. Qg3 Nxh2 43. Qxh2 Re1+ 44. Rxe1 Qxe1+ 45. Kg2 Qe2+ 46. Rf2 Qe4+ 47. Kf1 g4 48. Re2 Qxf5+ 49. Ke1 Qc8 50. Qe5+ f6 51. Qxd5 Qc3+ 52. Qd2 Qg3+ 53. Kd1 Qg1+ 54. Re1 Qg3 55. Qd7+ Kg6 1-0

[Event "Muensterland Verbandsliga 1112"]
[Site "Germany"]
[Date "2012.02.25"]
[Round "7.8"]
[White "Kluczka, Konrad"]
[Black "Nepechiy, Artiom"]
[Result "1-0"]
[WhiteElo "1852"]
[BlackElo "1656"]
[PlyCount "37"]
[EventDate "2011.09.24"]
[EventType "team-tourn"]
[EventRounds "9"]
[EventCountry "GER"]
[SourceTitle "EXT 2013"]
[Source "ChessBase"]
[SourceDate "2012.11.22"]
[SourceVersion "1"]
[SourceVersionDate "2012.11.22"]
[SourceQuality "1"]
[WhiteTeam "Nienberge"]
[BlackTeam "Muenster III"]
[WhiteTeamCountry "GER"]
[BlackTeamCountry "GER"]

1. e4 Nf6 2. Nc3 d5 3. exd5 Nxd5 4. Bc4 c6 5. Qf3 e6 6. Nge2 Nd7 7. d4 Be7 8. 0-0 0-0 9. a3 Bf6 10. Ne4 Qc7 11. Bd3 e5 12. c4 Ne7 13. Bg5 Bxg5 14. Nxg5 Ng6 15. Bxg6 hxg6 16. Qg3 Qd6 17. f4 exd4 18. Qh4 f5 19. Qh7# 1-0

[Event "Muensterland Verbandsliga 1112"]
[Site "Germany"]
[Date "2012.01.28"]
[Round "6.6"]
[White "Boelker, Franz"]
[Black "Kluczka, Konrad"]
[Result "1/2-1/2"]
[WhiteElo "1815"]
[BlackElo "1852"]
[PlyCount "44"]
[EventDate "2011.09.24"]
[EventType "team-tourn"]
[EventRounds "9"]
[EventCountry "GER"]
[SourceTitle "EXT 2013"]
[Source "ChessBase"]
[SourceDate "2012.11.22"]
[SourceVersion "1"]
[SourceVersionDate "2012.11.22"]
[SourceQuality "1"]
[WhiteTeam "Raesfeld Erle"]
[BlackTeam "Nienberge"]
[WhiteTeamCountry "GER"]
[BlackTeamCountry "GER"]

1. d4 Nf6 2. c4 e5 3. dxe5 Ne4 4. Nf3 Bc5 5. e3 Nc6 6. Bd3 Bb4+ 7. Nbd2 Nxd2 8. Bxd2 Bxd2+ 9. Qxd2 Qe7 10. Qc3 0-0 11. Be4 Re8 12. 0-0 Nxe5 13. Qxe5 Qxe5 14. Nxe5 Rxe5 15. Bf3 Rb8 16. Rfd1 d6 17. Rd4 b5 18. Rc1 Rc5 19. b3 Be6 20. Bd5 bxc4 21. Bxc4 Kf8 22. Rc2 Ke7 1/2-1/2

[Event "Muensterland Verbandsliga 1011"]
[Site "Germany"]
[Date "2011.01.15"]
[Round "5.8"]
[White "Kluczka, Konrad"]
[Black "Wuestnienhaus, Andreas"]
[Result "1/2-1/2"]
[WhiteElo "1817"]
[BlackElo "1892"]
[PlyCount "45"]
[EventDate "2010.09.25"]
[EventType "team-tourn"]
[EventRounds "9"]
[EventCountry "GER"]
[SourceTitle "EXT 2012"]
[Source "ChessBase"]
[SourceDate "2011.11.24"]
[SourceVersion "1"]
[SourceVersionDate "2011.11.24"]
[SourceQuality "1"]
[WhiteTeam "Nienberge"]
[BlackTeam "Bocholt"]
[WhiteTeamCountry "GER"]
[BlackTeamCountry "GER"]

1. e4 c6 2. f4 d5 3. Nf3 Bg4 4. h3 Bxf3 5. Qxf3 dxe4 6. Qxe4 Nf6 7. Qf3 e6 8. Nc3 Be7 9. b3 Nbd7 10. Bb2 Qa5 11. Be2 0-0-0 12. 0-0-0 Ba3 13. Bxa3 Qxa3+ 14. Kb1 Nb6 15. Bd3 Nbd5 16. Bc4 Nb4 17. Rhe1 Nfd5 18. Bxd5 Rxd5 19. Re5 Rhd8 20. Qe3 g6 21. g4 Ra5 22. Rxa5 Qxa5 23. Qe5 1/2-1/2

[Event "Muensterland Verbandsklasse-A 0809"]
[Site "Germany"]
[Date "2008.12.06"]
[Round "4.7"]
[White "Stremmer, Hans Dieter"]
[Black "Kluczka, Konrad"]
[Result "1/2-1/2"]
[WhiteElo "1858"]
[BlackElo "1846"]
[PlyCount "81"]
[EventDate "2008.09.13"]
[EventType "team-tourn"]
[EventRounds "9"]
[EventCountry "GER"]
[SourceTitle "EXT 2010"]
[Source "ChessBase"]
[SourceDate "2010.11.25"]
[SourceVersion "1"]
[SourceVersionDate "2010.11.25"]
[SourceQuality "1"]
[WhiteTeam "Muenster SK III"]
[BlackTeam "Nienberge"]
[WhiteTeamCountry "GER"]
[BlackTeamCountry "GER"]

1. c4 b6 2. Nc3 Bb7 3. Nf3 e6 4. e3 Nf6 5. Be2 d5 6. cxd5 Nxd5 7. 0-0 Be7 8. a3 0-0 9. Qc2 Nd7 10. Nxd5 Bxd5 11. d4 Nf6 12. b4 c5 13. dxc5 Rc8 14. Qa4 bxc5 15. bxc5 Ne4 16. Bb2 Nxc5 17. Qg4 Bf6 18. Bxf6 Qxf6 19. Nd4 Ne4 20. Bd3 Nc5 21. Be2 e5 22. Nf3 a5 23. Rac1 Be6 24. Qh5 Bf5 25. Qh4 Qxh4 26. Nxh4 Bd3 27. Bxd3 Nxd3 28. Rxc8 Rxc8 29. Rb1 g6 30. g3 Rc3 31. Ra1 Rc2 32. Nf3 Nxf2 33. Nxe5 Nh3+ 34. Kh1 f6 35. Ng4 Kg7 36. Rb1 h5 37. Rb7+ Kf8 38. Nxf6 Ng5 39. Rd7 Nf3 40. Nh7+ Kg8 41. Nf6+ 1/2-1/2

[Event "Muensterland Verbandsklasse-A 0809"]
[Site "Germany"]
[Date "2008.09.13"]
[Round "1.5"]
[White "Kluczka, Konrad"]
[Black "Hanewinkel, Martin"]
[Result "1-0"]
[WhiteElo "1846"]
[BlackElo "1785"]
[PlyCount "75"]
[EventDate "2008.09.13"]
[EventType "team-tourn"]
[EventRounds "9"]
[EventCountry "GER"]
[SourceTitle "EXT 2010"]
[Source "ChessBase"]
[SourceDate "2010.11.25"]
[SourceVersion "1"]
[SourceVersionDate "2010.11.25"]
[SourceQuality "1"]
[WhiteTeam "Nienberge"]
[BlackTeam "Beelen"]
[WhiteTeamCountry "GER"]
[BlackTeamCountry "GER"]

1. e4 c5 2. c3 e6 3. d4 cxd4 4. cxd4 d5 5. exd5 exd5 6. Nf3 Bd6 7. Nc3 Ne7 8. Bd3 0-0 9. 0-0 Nbc6 10. Bg5 f6 11. Be3 Be6 12. Qb1 Qe8 13. Ne2 Qh5 14. Bf4 Rad8 15. Bxd6 Rxd6 16. Nf4 Qg4 17. Qc1 g5 18. Nxe6 Rxe6 19. Re1 Rxe1+ 20. Qxe1 Qd7 21. Bb5 Re8 22. Qd2 a6 23. Bxc6 Nxc6 24. h3 Re4 25. Re1 Qe6 26. Re3 Kf7 27. Rb3 b5 28. Rc3 h5 29. Qc2 Ne7 30. Qd2 g4 31. Nh4 gxh3 32. Rxh3 Re1+ 33. Kh2 Qd6+ 34. g3 Qe6 35. Ng2 Re2 36. Qh6 Qe4 37. Qxh5+ Ke6 38. Nf4+ 1-0

[Event "Muensterland Verbandsklasse-B 0708"]
[Site "Germany"]
[Date "2007.09.15"]
[Round "1.4"]
[White "Rickert, Berthold"]
[Black "Kluczka, Konrad"]
[Result "1/2-1/2"]
[WhiteElo "1852"]
[BlackElo "1868"]
[PlyCount "74"]
[EventDate "2007.09.15"]
[EventType "team"]
[EventRounds "9"]
[EventCountry "GER"]
[SourceTitle "EXT 2009"]
[Source "ChessBase"]
[SourceDate "2008.11.26"]
[SourceVersion "1"]
[SourceVersionDate "2008.11.26"]
[SourceQuality "1"]
[WhiteTeam "Borken"]
[BlackTeam "Nienberge"]
[WhiteTeamCountry "GER"]
[BlackTeamCountry "GER"]

1. c4 e5 2. Nc3 Nf6 3. g3 Nc6 4. Bg2 Be7 5. e3 0-0 6. Nge2 d6 7. 0-0 Be6 8. Nd5 Qd7 9. Nec3 Bh3 10. d4 Bxg2 11. Kxg2 Rfe8 12. Qa4 Qd8 13. Nxf6+ Bxf6 14. d5 Ne7 15. e4 Ng6 16. Be3 Bg5 17. Rae1 Bxe3 18. Rxe3 Qc8 19. Qd1 f5 20. exf5 Qxf5 21. h4 Nf8 22. Qe2 Qd7 23. f4 exf4 24. Rxf4 Ng6 25. Rxe8+ Rxe8 26. Re4 Rxe4 27. Qxe4 Ne5 28. b3 Qf7 29. Nb5 a6 30. Nd4 Qg6 31. Qxg6 Nxg6 32. Ne6 c6 33. Nd8 cxd5 34. Nxb7 dxc4 35. bxc4 Kf8 36. Nxd6 Ne5 37. c5 g6 1/2-1/2

[Event "Muensterland Verbandsklasse-B 0607"]
[Site "Germany"]
[Date "2007.05.12"]
[Round "9.2"]
[White "Wucherpfennig, Stefan"]
[Black "Kluczka, Konrad"]
[Result "0-1"]
[WhiteElo "1901"]
[BlackElo "1867"]
[PlyCount "54"]
[EventDate "2006.09.23"]
[EventType "team"]
[EventRounds "9"]
[EventCountry "GER"]
[SourceTitle "EXT 2008"]
[Source "ChessBase"]
[SourceDate "2007.11.25"]
[SourceVersion "1"]
[SourceVersionDate "2007.11.25"]
[SourceQuality "1"]
[WhiteTeam "Luedinghausen"]
[BlackTeam "Nienberge"]
[WhiteTeamCountry "GER"]
[BlackTeamCountry "GER"]

1. Nf3 f5 2. e4 e5 3. Bc4 fxe4 4. Nxe5 d5 5. Qh5+ g6 6. Nxg6 hxg6 7. Qxh8 Kf7 8. Qd4 Be6 9. Bb3 Nc6 10. Qe3 Bh6 11. Qg3 Nd4 12. Na3 Nf5 13. Qc3 Bg7 14. Qb4 b6 15. d3 c5 16. Qd2 Nf6 17. g4 Nh4 18. Kf1 Nf3 19. Qf4 g5 20. Qg3 c4 21. dxc4 dxc4 22. Be3 cxb3 23. axb3 Nxg4 24. Nb5 Be5 25. Qg2 Qd7 26. c4 Nxe3+ 27. fxe3 Bh3 0-1

[Event "Muensterland Verbandsklasse-B 0607"]
[Site "Germany"]
[Date "2007.03.24"]
[Round "7.3"]
[White "Kluczka, Konrad"]
[Black "Rebber, Christian"]
[Result "1/2-1/2"]
[WhiteElo "1867"]
[BlackElo "1854"]
[PlyCount "85"]
[EventDate "2006.09.23"]
[EventType "team"]
[EventRounds "9"]
[EventCountry "GER"]
[SourceTitle "EXT 2008"]
[Source "ChessBase"]
[SourceDate "2007.11.25"]
[SourceVersion "1"]
[SourceVersionDate "2007.11.25"]
[SourceQuality "1"]
[WhiteTeam "Nienberge"]
[BlackTeam "Ahaus Wessum"]
[WhiteTeamCountry "GER"]
[BlackTeamCountry "GER"]

1. e4 c5 2. c3 d5 3. exd5 Qxd5 4. d4 cxd4 5. cxd4 Nc6 6. Nf3 e6 7. Nc3 Bb4 8. Be2 Nf6 9. 0-0 Qd8 10. a3 Ba5 11. Bg5 h6 12. Bh4 g5 13. Bg3 a6 14. b4 Bb6 15. Be5 0-0 16. Qc1 Nd5 17. Ne4 f6 18. Bd6 Nxd4 19. Nxd4 Bxd4 20. Bxf8 Bxa1 21. Qxa1 Qxf8 22. Bc4 Kg7 23. Rd1 Nf4 24. Nd6 b5 25. Bb3 e5 26. Kf1 Bg4 27. f3 Rd8 28. Qc3 Rxd6 29. Qc7+ Rd7 30. Rxd7+ Bxd7 31. Qxd7+ Kh8 32. Bf7 Kg7 33. Be8+ Kh8 34. g3 Nd5 35. Qxd5 Qxe8 36. Qd6 Qf7 37. Qxa6 Qc4+ 38. Kf2 Kg7 39. Qa8 Qd4+ 40. Ke2 Qc4+ 41. Kf2 Qd4+ 42. Ke2 Qc4+ 43. Kf2 1/2-1/2

[Event "Muensterland Verbandsklasse-A 0506"]
[Site "Germany"]
[Date "2006.04.08"]
[Round "8.3"]
[White "Kluczka, Konrad"]
[Black "Knispel Roth, Martin"]
[Result "1/2-1/2"]
[WhiteElo "1868"]
[BlackElo "1879"]
[PlyCount "51"]
[EventDate "2005.09.03"]
[EventType "team"]
[EventRounds "9"]
[EventCountry "GER"]
[SourceTitle "EXT 2006"]
[Source "ChessBase"]
[SourceDate "2005.11.24"]
[SourceVersion "1"]
[SourceVersionDate "2005.11.24"]
[SourceQuality "1"]
[WhiteTeam "Nienberge"]
[BlackTeam "Muenster Indische Dame"]
[WhiteTeamCountry "GER"]
[BlackTeamCountry "GER"]

1. e4 e6 2. d4 d5 3. Bd3 c5 4. c3 cxd4 5. cxd4 dxe4 6. Bxe4 Nf6 7. Bf3 Be7 8. Ne2 0-0 9. 0-0 Nc6 10. Nbc3 Qd7 11. d5 Ne5 12. Nf4 Nxf3+ 13. Qxf3 e5 14. Nh5 Nxh5 15. Qxh5 f5 16. Re1 Bd6 17. Qe2 b6 18. Bd2 a6 19. Be3 b5 20. a3 Bb7 21. f3 Rac8 22. Rad1 Rf6 23. Qd3 Rg6 24. Kh1 Rf8 25. b4 e4 26. fxe4 1/2-1/2